[Event "BEL-ch op"]
[Site "Niel"]
[Date "2017.07.06"]
[Round "6"]
[White "Cotman, Dirk"]
[Black "De Schepper, Marcel"]
[Result "1-0"]
[WhiteElo "1381"]
[BlackElo "1633"]
[PlyCount "43"]
[EventDate "2017.07.01"]
[EventType "swiss"]
[EventRounds "9"]
[EventCountry "BEL"]
[SourceTitle "EXT 2018"]
[Source "ChessBase"]
[SourceDate "2017.10.13"]
[SourceVersion "1"]
[SourceVersionDate "2017.10.13"]
[SourceQuality "1"]

1. b4 d5 2. Bb2 e6 3. e3 Nf6 4. a3 c5 5. bxc5 Bxc5 6. d4 Bd6 7. c4 b6 8. cxd5 exd5 9. Nc3 0-0 10. Nf3 h6 11. Bd3 Ba6 12. 0-0 Bxd3 13. Qxd3 Re8 14. Qc2 Bf8 15. Ne5 Bd6 16. f4 Qc8 17. Qb3 Qb7 18. Rac1 Nbd7 19. Nb5 Bxe5 20. fxe5 Ne4 21. Rc7 Qb8 22. Qxd5 1-0